International law studies

Bibliographic Details
Format: Unknown
Language:English
Published: Kaneohe, HI : Law Library Microform Consortium
Subjects:
Online Access:Acceso restringido

MARC

LEADER 00000ny a22000003n 4500
005 20110510143923.0
008 071120c19uu9999riu r p 0 0eng d
035 |a 2538 
040 |d vLex 
090 |c 1582  |d 1582 
245 0 0 |a International law studies  |h [Recurso electrn̤ico] 
256 |a Servicio en ln̕ea 
260 |a Kaneohe, HI :  |b Law Library Microform Consortium 
506 1 |a Contenido solo disponible en los productos indicados  |d vLex Global  |d vLex Global (Academic Edition, excluding Law Schools)  |d vLex Global (U.S. Academic Edition, Law Schools)  |d vLex Global (U.S. Academic Edition, excluding Law Schools)  |d vLex Global (Academic Edition, Law Schools) 
650 0 4 |a Derecho internacional  |x Publicaciones perid̤icas 
740 0 |a vLex Revista (Servicios en ln̕ea) 
843 |a Electrn̤ica. Abierta 
853 |8 1  |i (year)  |j (month)  |k (day) 
856 4 0 |u http://vlex.com/source/2538  |z Acceso restringido 
942 |c REV